000 00894nam a2200253Ia 4500
003 OSt
005 20220930092832.0
006 a|||||r|||| 00| 0
007 ta
008 220926b |||||||| |||| 00| 0 eng d
024 _a25181
037 _cTheses
040 _aCRL
_cCRL
_beng
041 _2eng
_aeng
100 _aAggarwal Krittika
_9549796
110 _aUniversity OF Delhi. Faculty OF Medical Scieces. Department OF General Surgery
_9549797
245 0 _aEvaluation of anocutaneous advancement flap for the management of complex anal fistula
_b a prospecticve observational study
260 _c2014
650 _aSURGERY
700 _a Dr. Bhupendra Kumar Jain Gu.
_9536044
700 _aUniversity OF Delhi. Faculty OF Medical Scieces. Department OF General Surgery
_9549798
942 _cDIS
_2CC
999 _c884361
_d884361